000 01268nam a22001577a 4500
999 _c520697
_d520697
008 221007b ||||| |||| 00| 0 eng d
100 _aCarpenter, Dick and Ward, Anthony
_934749
245 _aA new panel dataset for studies using substate units of analysis and indicators of drug activity
260 _aUrban Affairs Review
300 _a58(3), May, 2022: p.907-918
520 _aThis research note reports on the creation of a new panel dataset using multiple waves of substate estimates from the National Survey on Drug Use and Health. It also provides identifying information that contains state, place, and/or agency codes for merging additional datasets at levels below the state. The process for creating this dataset and for merging external data is described. This research note ends by providing an example analysis utilizing the panel dataset in combination with law enforcement personnel data from the Federal Bureau of Investigation and forfeiture data from municipalities in Minnesota to analyze the relationship between civil asset forfeiture and crime. – Reproduced
650 _aNSDUH, National survey on drug use and health, Panel dataset, Civil forfeiture.
_933566
773 _aUrban Affairs Review
906 _aDRUGS
942 _cAR